|
|
|
|
| LEADER |
00718nab a2200217 i 4500 |
| 001 |
acta29324 |
| 005 |
20250619095047.0 |
| 008 |
161017s1989 hu o 000 hun d |
| 022 |
|
|
|a 0237-4951
|
| 040 |
|
|
|a SZTE Egyetemi Kiadványok Repozitórium
|b hun
|
| 041 |
|
|
|a hun
|
| 100 |
1 |
|
|a Pongrácz Tibor
|
| 245 |
1 |
0 |
|a Darvak Korinthosz fölött
|h [elektronikus dokumentum] /
|c Pongrácz Tibor
|
| 260 |
|
|
|c 1989
|
| 300 |
|
|
|a 121-124
|
| 490 |
0 |
|
|a Harmadkor
|
| 650 |
|
4 |
|a Bölcsészettudományok
|
| 650 |
|
4 |
|a Nyelvek és irodalom
|
| 650 |
|
4 |
|a Filozófia, etika és vallástudományok
|
| 695 |
|
|
|a Magyar irodalom - esszé, Filozófia
|
| 856 |
4 |
0 |
|u http://acta.bibl.u-szeged.hu/29324/1/harmadkor_ant_121-124.pdf
|z Dokumentum-elérés
|